| 000 -LEADER |
| fixed length control field |
00578nam a22001817a 4500 |
| 008 - FIXED-LENGTH DATA ELEMENTS--GENERAL INFORMATION |
| fixed length control field |
201118b ||||| |||| 00| 0 eng d |
| 040 ## - CATALOGING SOURCE |
| Original cataloging agency |
BMS College of Architecture |
| 100 ## - MAIN ENTRY--PERSONAL NAME |
| Personal name |
Yashaswini, B S |
| 245 ## - TITLE STATEMENT |
| Title |
The realm of learning- IT training institute |
| 300 ## - PHYSICAL DESCRIPTION |
| Extent |
NA |
| 500 ## - GENERAL NOTE |
| General note |
1BM10AT077 |
| 502 ## - DISSERTATION NOTE |
| Degree type |
B,Arch |
| Name of granting institution |
BMS College of Architecture, Visvesvaraya Technological University (VTU) |
| Dissertation note |
Project report |
| Year degree granted |
2019 |
| 650 ## - SUBJECT ADDED ENTRY--TOPICAL TERM |
| Topical term or geographic name as entry element |
Learning- IT |
| 650 ## - SUBJECT ADDED ENTRY--TOPICAL TERM |
| Topical term or geographic name as entry element |
Training institute |
| 700 ## - ADDED ENTRY--PERSONAL NAME |
| Personal name |
Dakshayini R Patil |
| Relator term |
Guide |
| 700 ## - ADDED ENTRY--PERSONAL NAME |
| Personal name |
Jeeno Soa Georg |
| Relator term |
Guide |
| 942 ## - ADDED ENTRY ELEMENTS (KOHA) |
| Source of classification or shelving scheme |
|
| Koha item type |
UG-Thesis and Dissertations |